00974nam a2200241Ia 4500003000900000008004100009020001800050040001600068080002100084111007600105245026100181260004900442300001600491490003000507650004100537650001700578650001800595650002200613700001900635700002300654700002400677710003100701IN-BaIIA211028s9999 xx 000 0 eng d a0-87590-026-7 cIIA Library a523.942-352bRUS aAmerican Geophysical Union Chapman ConferencecBermudad1989 Mar. 27-31 0aPhysics of magnetic flux ropesbAmerican geophysical union chapman conference on the physics of magnetic flux ropes held in Hamilton, Bermuda, 27-31 Mar 1989cedited by C. T. Russell, E. R. Priest and L. C. Lee  aWashingtonbAmerican Geophysical Unionc1990 alxvi, 685p. aGeophysical monograph; 58 aAstronomy and astrophysics thesaurus aAstrophysics aMagnetic flux aSolar photosphere aLee, L. C. ed. aPriest, E. R., ed. aRussell, C. T., ed. aAmerican geophysical union